Les séries dans KD2A - Statistiques

Statistiques générales
  • Ce quiz a été pris 27 fois
  • Le résultat moyen est 9 sur 20
Statistiques - réponses
Par images Réponse % Correct
Le Prince de Bel Air
96%
Samantha Oups!
96%
Sabrina l'apprentie sorcière
91%
Lizzie Mcguire
70%
Chante!
65%
Coeur Ocean
65%
Foudre
61%
H2O
61%
S Club 7
52%
Sister Sister
52%
La guerre des Stevens
43%
Nos années pensions
39%
15/a
30%
Ce que j'aime chez toi
26%
Les Incroyables pouvoirs d'Alex
17%
Parents à tout prix
17%
Edgemont
13%
Phil du futur
13%
Totalement Jumelles
13%
Guenièvre Jones
4%
Aucun quiz correspondant
Distribution des résultats
% des personnes avec chaque résultat
Percentile par nombre de réponses
Votre historique - résultats
Vous n’avez pas pris ce quiz